00607nam a2200145Ia 4500008004100000041001200041082001500053245003700068260000900105650000900114942000700123999001300130952015900143952015900302221030s9999 xx 000 0 und d aEnglish a105.23bBE 0aNetwork Programming In CbFLOPPY c2001 aBook cCD c175d175 pFloppy 4696l0o105.23 BEr2022-10-30 00:00:00w2022-10-30yCD003Soft Copy4070aMIETLIBbMIETLIBcBL-First, FL-1, CUP-21, SH-0, R-0d2007-04-1010HBE pFloppy 4695l0o105.23 BEr2022-10-30 00:00:00w2022-10-30yCD003Soft Copy4070aMIETLIBbMIETLIBcBL-First, FL-1, CUP-21, SH-0, R-0d2007-04-1010HBE